000 00332nam a2200109Ia 4500
008 200302s9999 xx 000 0 und d
100 _aDavid Clark and Je Jackson
245 _aPlane and Geodetic Surveying for Engineers Plane Surveying Vol-1
260 _bCBS Publishers and Distributors Pvt. Ltd
260 _c2004
300 _a463 P.,
999 _c4992
_d4992